General microbiology / (Record no. 52419)

MARC details
000 -LEADER
fixed length control field 00518nam a2200193Ia 4500
005 - DATE AND TIME OF LATEST TRANSACTION
control field 20260429112119.0
008 - FIXED-LENGTH DATA ELEMENTS--GENERAL INFORMATION
fixed length control field 260429s9999||||xx |||||||||||||| ||und||
020 ## - INTERNATIONAL STANDARD BOOK NUMBER
International Standard Book Number 9788120416451
041 ## - LANGUAGE CODE
Language English
082 ## - DEWEY DECIMAL CLASSIFICATION NUMBER
Classification number 576
Item number SUL
100 ## - MAIN ENTRY--PERSONAL NAME
Personal name Sullia, S. B.
245 #0 - TITLE STATEMENT
Title General microbiology /
Statement of responsibility, etc S. B. Sullia
250 ## - EDITION STATEMENT
Edition statement 2nd rev. ed.
260 ## - PUBLICATION, DISTRIBUTION, ETC. (IMPRINT)
Place of publication, distribution, etc New Delhi :
Name of publisher, distributor, etc Oxford and IBH Publishing Co. Pvt. Ltd.,
Date of publication, distribution, etc 2025.
300 ## - PHYSICAL DESCRIPTION
Extent v, 522 p.; pbk
650 ## - SUBJECT ADDED ENTRY--TOPICAL TERM
Topical term or geographic name as entry element Microbiology
700 ## - ADDED ENTRY--PERSONAL NAME
Personal name Shantharam, S.
942 ## - ADDED ENTRY ELEMENTS (KOHA)
Koha item type Text Books
Holdings
Withdrawn status Lost status Damaged status Not for loan Collection code Home library Location Shelving location Date of Cataloging Source of acquisition Total Checkouts Full call number Barcode Date last seen Price effective from Koha item type
        Non-fiction CUTN Central Library CUTN Central Library Sciences 29/04/2026 CBS Publishers & Distributors, New Delhi - Invoice No. COR/IN/26/11711 on   576 SUL 57499 29/04/2026 29/04/2026 Text Books